Les 10 championnats avec le plus de finales de coupe d'europe. - Statistiques

Statistiques générales
  • Ce quiz a été pris 370 fois
  • Le résultat moyen est 9 sur 10
Statistiques - réponses
Finales Championnats Ratio
W-L
% Correct
4 Ligue 1/ France 0-4
100%
10 Bundesliga/ Allemagne 4-6
99%
26 Premier League/ Angleterre 9-15
99%
12 Serie A/ Italie 4-6
99%
30 LaLiga/ Espagne 23-7
98%
7 Liga Bwin/ Portugal 3-4
93%
3 Eredivisie/ Pays-Bas 1-2
92%
2 Premier Liga/ Russie 2-0
79%
2 Premier Liha/ Ukraine 1-1
66%
3 Scottish Premiership/ Ecosse 0-3
66%
Aucun quiz correspondant
Distribution des résultats
% des personnes avec chaque résultat
Percentile par nombre de réponses
Votre historique - résultats
Vous n’avez pas pris ce quiz